Toutes les Attaques signatures de pokémon - Statistiques

Statistiques générales
  • Ce quiz a été pris 92 fois
  • Le résultat moyen est 97 sur 229
Statistiques - réponses
Pokémon Attaque % Correct
Lugia Aéroblast
89%
Victini Coup Victoire
89%
Arceus Jugement
89%
Pyrobut Ballon Brûlant
85%
Pijako Babil
80%
Groudon Lame Pangéenne
78%
Apireine Appel Défense
76%
Zekrom et Kyurem Noir Eclair Croix
76%
Dialga Hurle-Temps
76%
Yveltal Mort'Ailes
76%
Exagide Bouclier Royal
73%
Palkia Spatio-Rift
73%
Zamazenta Couronné Aegis Maxima
71%
Apireine Appel Attaque
71%
Rayquaza Draco-Ascension
71%
Pichu, Pikachu, Raichu & Raichu d'Alola Electacle
71%
Reshiram et Kyurem Blanc Flamme Croix
71%
Zygarde Myria-Flèches
71%
Keldeo Lame Ointe
69%
Prédastérie Blockhaus
67%
Flâmigator Chant Flamboyant
67%
Zekrom Charge Foudre
67%
Mewtwo Frappe Psy
67%
Queulorior Gribouille
67%
Kyogre Onde Originelle
67%
Darkrai Trou Noir
67%
Kyurem Noir Eclair Gelé
65%
Giratina Revenant
65%
Bazoucan Bec-Canon
64%
Pierroteknik Caboche-Kaboum
64%
Boumata Carapiège
64%
Brutalibré Flying Press
64%
Xerneas Géo-Contrôle
64%
Zacian Couronné Gladius Maximus
64%
Lézargus Tir de Précision
64%
Archéduc Tisse Ombre
64%
Latias Ball'Brume
62%
Meloetta Chant-Antique
62%
Lanssorien Draco-Flèches
62%
Shaymin Fulmigraine
62%
Forgelina Marteau Mastoc
62%
Hydragla & Hydragon Branchicrok
60%
Ethernatos Canon Dynamax
60%
Marshadow Clepto-Mânes
60%
Pitrouille & Banshitrouye Halloween
60%
Malvalame Lame en Peine
60%
Latios Lumi-Eclat
60%
Diancie Orage Adamantin
60%
Lougaroc Diurne & Crépusculaire Vif Roc
60%
Heatran Vortex Magma
60%
Sucreine Botte Sucrette
58%
Magearna Canon Floral
58%
Pyrobut Change-Côté
58%
Reshiram Flamme Bleue
58%
Tic, Clic & Cliticlic Lancécrou
58%
Osselait, Ossatueur & Ossatueur d'Alola Osmerang
58%
Amassel & Gigansel Salaison
58%
Kyurem Ere-Glaciaire
56%
Volcanion Jet de Vapeur
56%
Sylveroy Cavalier du Froid & Blizzeval Lance de Glace
56%
Zygarde Myria-Vagues
56%
Deoxys Psycho-Boost
56%
Ekaïser Vibrécaille
56%
Bacabouh & Trépassable Amass'Sable
55%
Sinistrail Ancrage
55%
Plumeline Danse Eveil
55%
Hachécateur Hache de Pierre
55%
Lunala et Necrozma Ailes de l'Aurore Rayon Spectral
55%
Quatuor du Fléau/Quatre Périls Cataclysme
53%
Solgaléo & Necrozma Crinière du Couchant Choc Météore
53%
Silvallié Coup Varia-Type
53%
Ekaïser Dracacophonie
53%
Kyurem Blanc Feu Glacé
53%
Quatuor Tutélaire/Pokémon Totem Ire de la Nature
53%
Ethernatos Infinimax Laser Infinimax
53%
Ursaking Lune Vermeille Lune Rouge
53%
Osselait, Ossatueur et Ossatueur d'Alola Massd'Os
53%
Frison Peignée
53%
Jirachi Carnareket/Vœu Destructeur
51%
Necrozma Photo-Geyser
51%
Morpéko Roue-Libre
51%
Ixon Blocage
49%
Scalpereur Génusection
49%
Lippoutou Grobisou
49%
Palarticho Joute Astrale
49%
Necrozma Laser Prisme
49%
Ogerpon Massue Liane
49%
Salarsen Overdrive
49%
Boréas Typhon Hivernal
49%
Carmadura Canon Blindé
47%
Porygon, Porygon 2 & Porygon Z Conversion
47%
Cressélia Danse Lune
47%
Osselait, Ossatueur & Ossatueur d'Alola Os Ombre
47%
Colossinge et Courrousinge Poing de Colère
47%
Regigigas Presse
47%
Gromago Ruée d'Or
47%
Gorythmic Tambour Battant
47%
Archéduc de Hisui Triple Flèche
47%
Hexadron Ultime Bastion
47%
Porygon, Porygon 2 & Porygon 2 Conversion 2
45%
Vrombi & Vrombotor Dérapage
45%
Zygarde Force Chtonienne
45%
Superdofin Poing Sonique
45%
Famignol Prolifération
45%
Clamiral de Hisui Vagues à Lames
45%
Pêchaminus Chaîne Malsaine
44%
Melmetal Ecrous d'Poing
44%
Pondralugon Fulgurayon
44%
Miascarade Magie Florale
44%
Brocélôme & Desséliande Maléfice Sylvain
44%
Théffroyable Mortier Matcha
44%
Fragilady de Hisui Danse Victoire
42%
Pomdrapi Force G
42%
Farfurex Griffes Funestes
42%
Victini Incendie
42%
Pomdorochi Laser Hasard
42%
Kadabra & Alakazam Télékinésie
42%
Gueriaigle de Hisui Ailes Psycho
40%
Girafarig et Farigiraf Double Laser
40%
Monthracite Goudronnage
40%
Vert-de-Fer Lame Psychique
40%
Chef-de-Fer Lame Tachyonique
40%
Démétéros Typhon Pyrosable
40%
Trousselin Vérrou Enchanté
40%
Ire-Foudre Vif Eclair
40%
Dratatin Acide Malique
38%
Regidrago Draco-Energie
38%
Sylveroy Cavalier d'Effroi et Spectreval Eclat Spectral
38%
Sulfura de Galar Fureur Ardente
38%
Hoopa Déchaîné Furie Dimension
38%
Deusolourdo Hyperceuse
38%
Koraidon Nitro Crash
38%
Oyacata Plat du Jour
38%
Zygarde Sanction Suprême
38%
Floréclat Toupie Eclat
38%
Mimigal & Migalos Fil Toxique
36%
Serpente-Eau Hydrovapeur
36%
Roc-de-Fer Lame Puissante
36%
Shifours style Poing Final Poing Obscur
36%
Hoopa Enchaîné Trou Dimensionnel
36%
Séracrawl de Hisui Bise Glaciaire
35%
Electhor de Galar Coup Fulgurant
35%
Manaphy Extravaillance
35%
Roigada et Roigada de Galar Neigeux de Mots
35%
Krakos Octoprise
35%
Galvagon & Galvagla Prise de Bec
35%
Artikodin de Galar Regard Glaçant
35%
Shifours style Mille Poings Torrent de Coups
35%
Miraidon Turbo Volt
35%
Délestin Décharnement
33%
Fourbelin & Angoliath Fourbette
33%
Flagadoss de Galar Kokiyarme
33%
Charmilly Nappage
33%
Cerfrousse & Cerbyllain Sprint Bouclier
33%
Tauros & Tauros de Paldea Taurogne
33%
Pomdrapi & Pomdorochi Bombe au Sirop
31%
Electrode de Hisui Herblast
31%
Mucuscule, Colimucus de Hisui & Muplodocus de Hisui Mur Fumigène
31%
Cressélia Prière Lunaire
31%
Genesect Techno-Buster
31%
Fulguris Typhon Fulgurant
31%
Regieleki Voltageôle
31%
Pohmarmotte Double Décharge
29%
Qwilfish, Qwilfish de Hisui et Qwilpik Multitoxik
29%
Noeunoeuf, Noadkoko, Noadkoko d'Alola Pilonnage
29%
Triopikeau Triple Plongeon
29%
Amovénus Typhon Passionné
29%
Smogogo de Galar Vapeur Féérique
29%
Ultra-Necrozma Apocalypsis Luminis
27%
Typhlosion de Hisui Cortège Funèbre
27%
Ectoplasma Gigamax Hantise G-Max
27%
Oratoria Symphonie des Ondines
27%
Polthégeist Thérémonie
27%
Evoli Gigamax Câlin G-Max
25%
Zorua et Zoroark de Hisui Coeur de Rancoeur
25%
Dracaufeu Gigamax Fournaise G-Max
25%
Guérilande Soin Floral
25%
Gouroutan Sommation
25%
Quatuor Tutélaire/Pokémon Totem Colère du Gardien d'Alola
24%
Félinferno Dark Body Press
24%
Ekaïser Dracacophonie Flamboyante
24%
Trio de l'Esprit/Trio des Cré Force Mystique
24%
Mackogneur Gigamax Frappe G-Max
24%
Pikachu Dresseur Giga-Tonnerre
24%
Scovilain Habanerage
24%
Filentrappe Piège de Fil
24%
Térapagos Pluie Térastrale
24%
Roigada de Galar Sort Sinistre
24%
Limonde de Galar Troquenard
24%
Krabboss Gigamax Bulles G-Max
22%
Pikachu Gigamax Foudre G-Max
22%
Archéduc Fureur des Plumes Spectrales
22%
Cléopsytra Lumino-Impact
22%
Feu-Perçant Rempart Brûlant
22%
Ronflex Gare au Ronflex
20%
Solgaleo & Necrozma Crinière du Couchant Hélio-Choc Dévastateur
20%
Evoli Neuf pour Un
20%
Sorcilence Poudre Magique
20%
Zarude Selve Salvatrice
20%
Angoliath Gigamax Torpeur G-Max
20%
Astronelle Gigamax Ondes G-Max
18%
Concombaffe Purification
18%
Salarsen Gigamax Choc G-Max
16%
Lougaroc Hurlement des Roches-Lames
16%
Mimiqui Patati-Patattrape
16%
Miasmax Gigamax Pestilence G-Max
16%
Mew Supernova Originelle
16%
Duralugon Gigamax Usure G-Max
16%
Tortank Gigamax Canonnade G-Max
15%
Shifours style Poing Final Gigamax Coup Final G-Max
15%
Tag-Tag Décalquage
15%
Raichu d'Alola Electrosurf Survolté
15%
Marshadow Fauche-Âme des Sept Etoiles
15%
Papilusion Gigamax Illusion G-Max
15%
Shifours style Mille Poings Gigamax Multicoup G-Max
15%
Miaouss Gigamax Pactole G-Max
15%
Pachyradjah Gigamax Percée G-Max
15%
Pikachu Pikachute Foudroyante
15%
Lokhlass Gigamax Résonance G-Max
15%
Pomdrapi Gigamax Corrosion G-Max
13%
Melmetal Gigamax Fonte G-Max
13%
Florizarre Gigamax Fouet G-Max
13%
Lézargus Gigamax Gâchette G-Max
13%
Gorythmic Gigamax Percussion G-Max
13%
Lunala et Necrozma Ailes de l'Aurore Rayons Séléno-Explosifs
13%
Dratatin Gigamax Nectar G-Max
11%
Pyrobut Gigamax Pyroball G-Max
11%
Sorcilence Gigamax Sentence G-Max
11%
Monthracite Gigamax Téphra G-Max
11%
Aucun quiz correspondant
Distribution des résultats
% des personnes avec chaque résultat
Percentile par nombre de réponses
Votre historique - résultats
Vous n’avez pas pris ce quiz